|
|
|
|
| LEADER |
00000nam2a2200000 4500 |
| 001 |
231394 |
| 005 |
20231101231059.0 |
| 035 |
|
|
|a (RuTPU)RU\TPU\book\252413
|
| 035 |
|
|
|a RU\TPU\book\252412
|
| 090 |
|
|
|a 231394
|
| 100 |
|
|
|a 20130201d1951 k y0rusy50 ca
|
| 101 |
0 |
|
|a rus
|
| 102 |
|
|
|a RU
|
| 105 |
|
|
|a a z 001zy
|
| 200 |
0 |
|
|a Вып. 124, № 45 : Известково-доломитовые фации современных и древних водоемов (опыт сравнительно-литологического исследования)
|f Н. М. Страхов
|
| 210 |
|
|
|d 1951
|
| 215 |
|
|
|a 371 с.
|c ил.
|
| 317 |
|
|
|5 63413507: КР-760
|a Поступила в НТБ в 2004 г. в составе книжного собрания профессора ТПИ К. В. Радугина
|
| 320 |
|
|
|a Библиогр.: с. 358-368.
|
| 461 |
|
1 |
|0 (RuTPU)RU\TPU\book\84400
|t Труды Института геологических наук. Геологическая серия
|f Академия наук СССР (АН СССР), Институт геологических наук (ИГН)
|v Вып. 124, № 45 : Известково-доломитовые фации современных и древних водоемов (опыт сравнительно-литологического исследования)
|d 1938-1956
|
| 606 |
1 |
|
|a Доломит
|2 stltpush
|3 (RuTPU)RU\TPU\subj\9877
|9 37034
|
| 606 |
1 |
|
|a Известняки
|x Петрография
|2 stltpush
|3 (RuTPU)RU\TPU\subj\12202
|9 39031
|
| 610 |
1 |
|
|a водоемы
|
| 610 |
1 |
|
|a литология
|
| 610 |
1 |
|
|a исследования
|
| 610 |
1 |
|
|a известково-доломитовые фации
|
| 610 |
1 |
|
|a СССР
|
| 610 |
1 |
|
|a карбонатный процесс
|
| 610 |
1 |
|
|a изменения
|
| 610 |
1 |
|
|a древние водоемы
|
| 610 |
1 |
|
|a библиотека К. В. Радугина
|
| 675 |
|
|
|a 552.54
|v 3
|
| 700 |
|
1 |
|a Страхов
|b Н. М.
|c российский ученый
|c геолог
|c академик АН СССР
|f 1900-1978
|g Николай Михайлович
|2 stltpush
|3 (RuTPU)RU\TPU\pers\13365
|9 4020
|
| 801 |
|
1 |
|a RU
|b 63413507
|c 20130131
|
| 801 |
|
2 |
|a RU
|b 63413507
|c 20180824
|g RCR
|
| 942 |
|
|
|c BK
|